Explorations in marital and family therapy : selected papers of James L. Framo /

Bibliographic Details
Main Author: Framo, James L.
Format: Book
Language:English
Published: New York : Springer Pub. Co., [1982]
Subjects:

MARC

Tag First Indicator Second Indicator Subfields
LEADER 00000cam a2200000 a 4500
001 in00000070031
005 20151008055945.0
008 811030s1982 nyu b 00110 eng
010 |a  81018470  
020 |a 0826134009 
020 |a 0826134017 (pbk.) 
035 |a (OCoLC)07975504 
035 |9 AAJ4816AM 
039 0 |a 2  |b 3  |c 3  |d 3  |e 3 
040 |a DLC  |c DLC  |d VET  |d TXA  |d UtOrBLW 
049 |a TXAM  |c [1361971] 
050 0 0 |a RC488.5  |b .F7 
082 0 |a 616.89/156  |2 19 
096 |a WM 430.5 F2 F813 1982 
100 1 |a Framo, James L. 
245 1 0 |a Explorations in marital and family therapy :  |b selected papers of James L. Framo /  |c James L. Framo ; foreword by Murray Bowen. 
264 1 |a New York :  |b Springer Pub. Co.,  |c [1982] 
264 4 |c ©1982 
300 |a xi, 308 pages ;  |c 24 cm. 
336 |a text  |b txt  |2 rdacontent 
337 |a unmediated  |b n  |2 rdamedia 
338 |a volume  |b nc  |2 rdacarrier 
500 |a Includes index. 
504 |a Bibliography: pages 293-301. 
650 0 |a Family psychotherapy. 
650 0 |a Marital psychotherapy. 
650 2 |a Family Therapy. 
650 2 |a Marital Therapy. 
999 |a MARS 
999 f f |s 25c662f6-fd08-32bb-8000-5418c524072b  |i 2cb2c3c5-44c0-3fb0-913a-fede397b8866  |t 0 
952 f f |p ric  |a Texas A&M University  |b Rellis Campus  |c Joint Library Facility  |d Remote Storage  |t 0  |e RC488.5 .F7  |h Library of Congress classification  |i unmediated -- volume  |m A14806230040 
998 f f |a RC488.5 .F7  |t 0  |l Remote Storage